'Arc' Words Quiz Stats

 Plays Quiz Updated Sep 29, 2015

Also try: Are You 'Able'?
Challenge
Share
Tweet
Embed
Score 0/15 Timer 05:00
2 Plays Today
Definition Word % Correct
The third month of the yearMarch
99.5%
An indoor area containing coin-operated video gamesArcade
93.9%
The female head of a familyMatriarch
91.4%
A king or queen, for exampleMonarch
88.9%
Disorder due to the absence of governmental controlAnarchy
85%
Any substance or agent that tends to produce a cancerCarcinogen
71.3%
A material on which to write, made from animal skinParchment
69.5%
A thing or collection of things wrapped in paper in order to be carried or sent by mailParcel
67.1%
Definition Word % Correct
A drug that affects the brain and that is usually dangerous and illegalNarcotic
64.6%
French word for 'boy' or an impolite term for a waiterGarçon
60.5%
A series of printed lines that can be read by an optical scannerBarcode
58.9%
A white, tasteless, solid carbohydrateStarch
52.6%
Theft of personal propertyLarceny
50.9%
A broadly humorous play based on the exploitation of improbable situationsFarce
47.4%
Diligent investigation into a subject in order to discover or revise facts, theories, applications, etc.Research
31.6%

You're not logged in!

Compare scores with friends on all Sporcle quizzes.
Join for Free
OR
Log In

You Might Also Like...

Show Comments

Extras

Top Quizzes Today


Score Distribution

Your Account Isn't Verified!

In order to create a playlist on Sporcle, you need to verify the email address you used during registration. Go to your Sporcle Settings to finish the process.

Report this User

Report this user for behavior that violates our Community Guidelines.

Details: